000 00920nas a2200265 4500
001 BR8700387
003 BR-BrBNA
005 20231205090545.0
007 ta
008 230509b bl.|||p| |||| 00| 00por d
040 _aBR-BrBNA
_bpor
_cBiblioteca Nacional de Agricultura
041 _a(Pt)
072 _aF60
100 1 _aJardim, L.M.F.
100 1 _aMalavolta, E.
245 1 _aEfeitos do aluminio sobre o desenvolvimento e a composicao mineral de quatro leguminosas forrageiras tropicais [Galactia striata, Glycine wightii, Macroptilium atropurpureum, Stylosanthes guianensis]
650 _aGALACTIA
650 _aSOJA PERENE
650 _aSIRATRO
650 _aSTILOSANTE
650 _aALUMINIO
773 0 _tAnais da Escola Superior de Agricultura Luiz de Queiroz (Brazil)
_xISSN 0071-1276
_g(1984), v. 41(2) p. 689-723
_wBR8700387
909 _a202311
_bLúcia
_c55
_dLúcia Elande
942 _2AGRIS
_n0
_cANA
999 _c119293
_d119293